Represión en contra de los trabajadores del campo
Presenta hechos, testimonios y cifras referentes a la represión que ejerce el régimen salvadoreño en contra de los trabajadores del campo - Contiene cuadros estadísticos (para el periodo enero 1978 a diciembre de 1981), con información relacionada con campesinos capturados, asesinados y desaparecido...
Guardat en:
| Autor corporatiu: | |
|---|---|
| Format: | Text |
| Publicat: |
San Salvador:
FTC
|
| Etiquetes: |
Afegir etiqueta
Sense etiquetes, Sigues el primer a etiquetar aquest registre!
|
MARC
| LEADER | 00000 a a2200000 04500 | ||
|---|---|---|---|
| 001 | 20686 | ||
| 003 | |||
| 040 | |||
| 090 | |a 087700 | ||
| 110 | |a Federación de Trabajadores del Campo (FTC) | ||
| 245 | |a Represión en contra de los trabajadores del campo | ||
| 260 | |a San Salvador: |b FTC | ||
| 300 | |a 27 p. | ||
| 520 | |a Presenta hechos, testimonios y cifras referentes a la represión que ejerce el régimen salvadoreño en contra de los trabajadores del campo - Contiene cuadros estadísticos (para el periodo enero 1978 a diciembre de 1981), con información relacionada con campesinos capturados, asesinados y desaparecidos, y con refugiados en el interior y fuera del país y sus problemas | ||
| 999 | |c 14952 |d 14952 | ||
